| 000 | 00774cab a2200229 4500 | ||
|---|---|---|---|
| 001 | ABS56520 | ||
| 008 | 090401t1997 xxu||||| |||| 00| 0 eng d | ||
| 035 | _a(Sirsi) u24245 | ||
| 041 | _aeng | ||
| 100 | _aLee, M. | ||
| 245 | _aFinding a candidate who`s just the job | ||
| 260 | _c1997 | ||
| 350 | _a0 | ||
| 490 |
_aProperty Week _v58(2) 17 January 1997, 22-23(2) |
||
| 520 | _aOutlines how to improve the reliability of recruitment and selection decisions, considering the job requirements, administrative efficiency, candidate`s requirements, and handling interviews. | ||
| 650 | _aINTERVIEWS | ||
| 650 | _aPRACTICE MANAGEMENT | ||
| 650 | _aRECRUITMENT | ||
| 690 | _aMANAGEMENT-BUSINESS MANAGEMENT-PROFESSIONAL PRACTICE | ||
| 942 | _n0 | ||
| 948 | _c04/03/1997 | ||
| 999 |
_c16247 _d16247 |
||